000 00394nam a22001577a 4500
005 20200529115840.0
008 200529b xxu||||| |||| 00| 0 eng d
041 _aeng
082 _a340
100 _aBARE ACT
_95744
245 _aTHE PROVINCIAL SMALL CAUSE COURTS ACT,1887 )19-1987)
260 _aDELHI
_bPROFESSIONAL BOOK PUBLISHERS
300 _a22; p
650 _aLAW
_95701
942 _cBK
999 _c6614
_d6612